书目信息 |
| 题名: |
信息化教学概论
|
|
| 作者: | 张有录 主编 | |
| 分册: | ||
| 出版信息: | 北京 中国铁道出版社 2012 |
|
| 页数: | 278页 | |
| 开本: | 26cm | |
| 丛书名: | ||
| 单 册: | ||
| 中图分类: | G434 | |
| 科图分类: | ||
| 主题词: | 计算机辅助教学--师范大学--教材 | |
| 电子资源: | ||
| ISBN: | 978-7-113-14446-3 | |
| 000 | 00970nam0 2200241 45 | |
| 001 | 1360578593 | |
| 005 | 20130603084828.84 | |
| 010 | @a978-7-113-14446-3@dCNY33.00 | |
| 100 | @a20130513d2012 em y0chiy50 ea | |
| 101 | 0 | @achi |
| 102 | @aCN@b110000 | |
| 105 | @ay z 000yy | |
| 106 | @ar | |
| 200 | 1 | @a信息化教学概论@AXin Xi Hua Jiao Xue Gai Lun@f张有录主编@FZhang You Lu Zhu Bian |
| 210 | @a北京@c中国铁道出版社@d2012 | |
| 215 | @a278页@d26cm | |
| 300 | @a全国高等师范类院校教育规划教材 | |
| 330 | @a本书力求把握时代脉搏,紧跟现代教育技术的发展,作者精心选择内容,合理安排体例结构。全书共分为10章,主要讲述了教育信息化概述、信息化教学的理论基础、信息化教学媒体原理、信息化教学资源、信息化教学模式、信息化教学方法、信息技术与课程整合、信息化教学设计、信息化教学环境建设等内容。 | |
| 606 | 0 | @a计算机辅助教学@x师范大学@j教材 |
| 690 | @aG434@v5 | |
| 701 | 0 | @a张有录@AZhang You Lu@4主编 |
| 801 | @aCN@bTANGWEI@c20130523 | |
| 905 | @b0835728-30@dG434@e106@f3 | |
| 信息化教学概论/张有录主编.-北京:中国铁道出版社,2012 |
| 278页;26cm |
| 全国高等师范类院校教育规划教材 |
| ISBN 978-7-113-14446-3:CNY33.00 |
| 本书力求把握时代脉搏,紧跟现代教育技术的发展,作者精心选择内容,合理安排体例结构。全书共分为10章,主要讲述了教育信息化概述、信息化教学的理论基础、信息化教学媒体原理、信息化教学资源、信息化教学模式、信息化教学方法、信息技术与课程整合、信息化教学设计、信息化教学环境建设等内容。 |
| ● |
| 相关链接 |
|
|
|
|
正题名:信息化教学概论
索取号:G434/106
 
预约/预借
| 序号 | 登录号 | 条形码 | 馆藏地/架位号 | 状态 | 备注 |
| 1 | 0835728 | 208357286 | 第一样本阅览室/ [索取号:G434/106] | 在馆 | |
| 2 | 0835729 | 208357295 | 第四借阅区/ [索取号:G434/106] | 在馆 | |
| 3 | 0835730 | 208357302 | 第四借阅区/ [索取号:G434/106] | 在馆 |